| 000 | 00473nam a2200169Ia 4500 | ||
|---|---|---|---|
| 008 | 140626s9999 xx 000 0 und d | ||
| 100 | _aIllagan, Aris. | ||
| 245 |
_aJaques Cousteau and the underground river / _cAris Illagan. |
||
| 260 | _cc2011. | ||
| 300 | _a13 : 7, page 38 | ||
| 440 | _aCruising | ||
| 521 | _aTOU | ||
| 650 | _a Puerto princesa underground river. | ||
| 650 | _a1990 Palawan expedition. | ||
| 650 | _aCapt. Jacques Yves Cousteau. | ||
| 942 | _cSE | ||
| 999 |
_c121171 _d121171 |
||